| 000 | 00387nam a2200157Ia 4500 | ||
|---|---|---|---|
| 008 | 230524s9999 xx 000 0 und d | ||
| 082 |
_a660.65 _bRAO |
||
| 100 |
_aD.G.Rao _923444 |
||
| 245 | 0 | _aIntroduction to Biochemical Engineering | |
| 250 | _a1ST | ||
| 260 |
_aNEW DELHI _bTMH _c2005 |
||
| 300 | _aXIII;453 | ||
| 500 | _aQuantity Number: 1 | ||
| 650 | _aBiomedical | ||
| 942 | _cBK | ||
| 999 |
_c35022 _d35022 |
||